Sports Quiz

Random Sports or NBA Quiz

NBA Player by Resume II Quiz Stats

 Plays Quiz Updated Feb 26, 2017

Support Sporcle.
Go Orange.
Score 0/32 Timer 10:00
3 Plays Today
% Correct
Patrick Ewing
67.4%
Reggie Miller
59.2%
Dominique Wilkins
58.6%
Dikembe Mutombo
57.6%
Jason Kidd
56.7%
Charles Barkley
55.7%
Steve Nash
55.7%
Ben Wallace
48.9%
Dirk Nowitzki
48.9%
Dwyane Wade
40.2%
Pau Gasol
38%
Pete Maravich
37.9%
Sam Jones
36.8%
Tony Parker
35.4%
David Robinson
35.1%
Kevin Garnett
35%
% Correct
Kevin Durant
34.9%
Lenny Wilkens
34%
Nate 'Tiny' Archibald
32%
Stephen Curry
31.8%
Bill Walton
29.6%
Hal Greer
26.9%
George Gervin
23.7%
Artis Gilmore
19.5%
George Mikan
16.7%
Rick Barry
16.2%
Adrian Dantley
15.4%
Bob McAdoo
14.2%
Walt Bellamy
12.4%
Dave Cowens
9.5%
Jo Jo White
7.7%
Dolph Schayes
7%

You're not logged in!

Compare scores with friends on all Sporcle quizzes.
OR
Log In
Forgot?

From the Vault

Let's Make Premier League's Logo

by aaditya08-08-05

You can't just make it with a pen and pencil or something this time.
Remove Ads.
Support Sporcle.
Get the best of Sporcle when you Go Orange. This ad-free experience offers more features, more stats, and more fun while also helping to support Sporcle. Thank you for becoming a member.

Show Comments

Extras

Top Quizzes Today


Score Distribution

Your Account Isn't Verified!

In order to create a playlist on Sporcle, you need to verify the email address you used during registration. Go to your Sporcle Settings to finish the process.

Report this User

Report this user for behavior that violates our Community Guidelines.

Details: